Aśḷiḷatā bipakshare o anyānya prabandha. (Record no. 72124)

MARC details
000 -LEADER
fixed length control field 00548cam a22002171 4500
001 - CONTROL NUMBER
control field sa 67000658
003 - CONTROL NUMBER IDENTIFIER
control field DLC
005 - DATE AND TIME OF LATEST TRANSACTION
control field 20260227112316.0
008 - FIXED-LENGTH DATA ELEMENTS--GENERAL INFORMATION
fixed length control field 890724s1966 ii 000 0 orio
010 ## - LIBRARY OF CONGRESS CONTROL NUMBER
LC control number sa 67000658
035 ## - SYSTEM CONTROL NUMBER
System control number (OCoLC)20059822
040 ## - CATALOGING SOURCE
Original cataloging agency DLC
Transcribing agency WaU
Modifying agency DLC
042 ## - AUTHENTICATION CODE
Authentication code premarc
050 00 - LIBRARY OF CONGRESS CALL NUMBER
Classification number PK2570.5
Item number .B4
100 1# - MAIN ENTRY--PERSONAL NAME
Personal name Behera, Krishna Charan,
Dates associated with a name 1932-
245 10 - TITLE STATEMENT
Title Aśḷiḷatā bipakshare o anyānya prabandha.
260 ## - PUBLICATION, DISTRIBUTION, ETC.
Date of publication, distribution, etc. [1966]
300 ## - PHYSICAL DESCRIPTION
Extent 114 p.
Dimensions 19 cm.
500 ## - GENERAL NOTE
General note In Oriya.
650 #0 - SUBJECT ADDED ENTRY--TOPICAL TERM
Topical term or geographic name entry element Oriya literature.

No items available.

Powered by Koha